000 00687cam a22001817a 4500
008 180718b2000 xxu||||| |||| 00| 0 eng d
082 _aP:B142x54 R14
100 _aRamachandran, Vimala
245 _aEducation and the status of women
_cby Vimala Ramachandran
260 _aNew Delhi
_bNational Institute of Educational Planning and Administration
_c2000
300 _a36+p.
440 _aYear 2000 assessment: education for all
650 _aWomen - Education - India
700 _aUnesco
700 _aIndian National Commission for Cooperation
700 _aIndia. Ministry of Human Resource Development
700 _aNational Institute of Educational Planning and Administration
999 _c476007
_d476007